[Event "Independence Cup A"]
[Site "Kyiv UKR"]
[Date "2006.08.22"]
[Round "10"]
[White "Manilyk,A"]
[Black "Gubay,N"]
[Result "0-1"]
[WhiteElo "2143"]
[BlackElo "2165"]

1.e4 c5 2.Nf3 Nc6 3.Bb5 g6 4.Bxc6 dxc6 5.d3 Bg7 6.h3 e5 7.Be3 b6 8.Qd2 Qd6
9.Qc3 f6 10.Nbd2 Nh6 11.O-O-O Nf7 12.g4 Be6 13.Nc4 Qc7 14.Nh4 O-O-O 15.b3 Nd6
16.Nb2 Qf7 17.Rhg1 h5 18.gxh5 g5 19.Ng2 Bxh3 20.a4 a5 21.Bxc5 bxc5 22.Qxa5 Bxg2
23.Rxg2 Nb7 24.Qa6 Qc7 25.Nc4 Kd7 26.c3 Ke7 27.Rh2 Ra8 28.Qb6 Qxb6 29.Nxb6 Ra6
30.Nc4 Nd6 31.Ne3 Bh6 32.Kc2 Ke6 33.f3 Ra7 34.d4 cxd4 35.cxd4 Bf8 36.dxe5 Kxe5
37.Rhd2 Ke6 38.Kc3 Rxh5 39.Nc2 c5 40.Rd5 Nf7 41.Na3 Rh3 42.R1d3 Ne5 43.Re3 g4
44.Kd2 Nxf3+ 45.Ke2 Nd4+ 46.Kd3 Rxe3+ 47.Kxe3 Nxb3 48.Nb5 Rxa4 49.Nc7+ Kf7
50.Rd7+ Kg6 51.Kf4 f5 52.Nd5 Rxe4+ 53.Kg3 Nd4 54.Rd8 Bg7 55.Nf4+ Rxf4 56.Rc8 Rf3+
57.Kg2 Ne6 58.Rc6 Kf7  0-1

[Event "3rd Dato Arthur Tan"]
[Site "Kuala Lumpur MAS"]
[Date "2006.08.23"]
[Round "5"]
[White "Sumant,S"]
[Black "Jones,B"]
[Result "1/2-1/2"]
[WhiteElo "2013"]
[BlackElo "2110"]

1.e4 c5 2.Nf3 Nc6 3.Bb5 g6 4.O-O Bg7 5.c3 e5 6.Re1 Nge7 7.d3 O-O 8.Be3 d6
9.d4 cxd4 10.cxd4 Bg4 11.d5 Bxf3 12.Qxf3 Nd4 13.Bxd4 exd4 14.Qd3 f5 15.Nd2 fxe4
16.Qxe4 Nf5 17.Nf3 Qf6 18.Rac1 Rf7 19.Qe6 Qxe6 20.dxe6 Re7 21.g4 Nh6 22.h3 Rf8
23.Kg2 d3 24.Bxd3 Bxb2 25.Rcd1 Ba3 26.Bc4 Kg7 27.Nd2 Bb4 28.Re2 Rc8 29.Bb3 b5
30.Ne4 Rc6 31.Re3 a5 32.a3 Bxa3 33.Ba4 bxa4 34.Rxa3 Rxe6 35.Rxa4 Nf7 36.f3 Re5
37.Rad4 g5 38.Nxd6 Nxd6 39.Rxd6 Re2+ 40.Kg3 Rxd6 41.Rxd6 a4 42.Ra6 Ra2 43.h4 h6
44.Ra7+ Kf6 45.Ra6+ Kg7  1/2-1/2

[Event "3rd Dato Arthur Tan"]
[Site "Kuala Lumpur MAS"]
[Date "2006.08.23"]
[Round "6"]
[White "Kojima,S"]
[Black "Sumant,S"]
[Result "1-0"]
[WhiteElo "2151"]
[BlackElo "2013"]

1.e4 c5 2.Nf3 Nc6 3.Bb5 g6 4.O-O Bg7 5.Re1 e5 6.Bxc6 dxc6 7.d3 Ne7 8.Be3 b6
9.Nbd2 Qc7 10.a3 a5 11.Nc4 Be6 12.b4 Bxc4 13.dxc4 axb4 14.axb4 Rxa1 15.Qxa1 cxb4
16.Qa8+ Qc8 17.Qa7 b5 18.Rd1 bxc4 19.Bc5 Bf6 20.Nxe5 Kf8 21.Nd7+ Kg7 22.Nxf6 Rd8
23.Rxd8 Qxd8 24.Bd4 Kh6 25.Qc5 g5 26.h4  1-0

[Event "Lichtenberger Sommer"]
[Site "Berlin GER"]
[Date "2006.08.25"]
[Round "7"]
[White "Schatz,D"]
[Black "Richter,Go"]
[Result "1-0"]
[WhiteElo "2229"]
[BlackElo "2079"]

1.e4 c5 2.Nf3 Nc6 3.Bb5 e6 4.O-O Nge7 5.Re1 a6 6.Bf1 d5 7.exd5 Nxd5 8.d4 cxd4
9.Nxd4 Bc5 10.Nxc6 Qf6 11.Qe2 bxc6 12.Nd2 Qd8 13.Ne4 Be7 14.c4 Nf6 15.Bf4 Qd4
16.Nxf6+ Bxf6 17.Qf3 O-O 18.Red1 Qxb2 19.Rab1 Qxa2 20.Qxc6 Ra7 21.Rb8 Qc2
22.Rxc8 Qxd1 23.Rxf8+ Kxf8 24.Bd6+  1-0

[Event "3rd Dato Arthur Tan"]
[Site "Kuala Lumpur MAS"]
[Date "2006.08.25"]
[Round "8"]
[White "Pham Thi Ngoc Tu"]
[Black "Handayani,T"]
[Result "1-0"]
[WhiteElo "2068"]
[BlackElo "2083"]

1.e4 c5 2.Nf3 Nc6 3.Bb5 g6 4.c3 Bg7 5.O-O e5 6.d3 Nge7 7.Be3 b6 8.d4 cxd4
9.cxd4 exd4 10.Nxd4 O-O 11.Nc3 a6 12.Ba4 b5 13.Bb3 Na5 14.Qd2 Re8 15.f3 Bb7
16.Rad1 Qc7 17.Qf2 Nxb3 18.Nxb3 b4 19.Na4 Bc6 20.Nb6 Rab8 21.Rc1 Qe5 22.Nc4 Qh5
23.Bf4 Bb5 24.Bxb8 Rxb8 25.Rfd1 Bh6 26.Ne3 Bf4 27.Ng4 Be5 28.Rc5 d5 29.Rcxd5 Nxd5
30.Rxd5 Qg5 31.Rxe5 f5 32.Ne3 Qf6 33.Rc5 fxe4 34.fxe4 Qe7 35.Nd5 Qe6 36.Nd4 Qd6
37.Nxb5 axb5 38.e5  1-0

[Event "3rd Dato Arthur Tan"]
[Site "Kuala Lumpur MAS"]
[Date "2006.08.25"]
[Round "8"]
[White "Nguyen Hoang Nam1"]
[Black "Nadanian,A"]
[Result "1/2-1/2"]
[WhiteElo "2338"]
[BlackElo "2431"]

1.e4 c5 2.Nf3 Nc6 3.Bb5 g6 4.Bxc6 dxc6 5.d3 Bg7 6.h3 Nf6 7.Nc3 Nd7 8.Be3 e5
9.Qd2 h6 10.O-O Qe7 11.Nh2 Nf8 12.f4 exf4 13.Rxf4 Ne6 14.Rf2 Nd4 15.Raf1 Be6
16.b3 O-O-O 17.Ne2 g5 18.Ng4 Nxe2+ 19.Qxe2 Bc3 20.Bd2 Bd4 21.Be3 Bc3 22.Bd2 Bd4
23.Be3 Qc7 24.Bxd4 cxd4 25.Nf6 Qg3 26.Qh5 Kb8 27.Rf3 Qd6 28.a4 Qc5  1/2-1/2

[Event "3rd Dato Arthur Tan"]
[Site "Kuala Lumpur MAS"]
[Date "2006.08.26"]
[Round "9"]
[White "Bitoon,R"]
[Black "Simanjuntak,S"]
[Result "1-0"]
[WhiteElo "2433"]
[BlackElo "2260"]

1.e4 c5 2.Nf3 Nc6 3.Bb5 e6 4.O-O Nge7 5.d4 cxd4 6.Nxd4 a6 7.Nxc6 dxc6 8.Bd3 Ng6
9.Be3 e5 10.Nd2 Be7 11.Qh5 Be6 12.Nc4 Qc7 13.Bb6 Qb8 14.a4 O-O 15.Rfd1 f6
16.g3 Qe8 17.Be2 c5 18.Na5 Qc8 19.Bc4 Kh8 20.Qe2 Bxc4 21.Nxc4 Qc6 22.b3 f5
23.Rd5 f4 24.Qg4 Qf6 25.Rf1 Rac8 26.Rd7 Qc6 27.Rd5 Rf6 28.Qd7 h5 29.Qxc6 Rcxc6
30.a5 h4 31.Rfd1 hxg3 32.hxg3 fxg3 33.fxg3 Rf3 34.R1d3 Rcf6 35.Rxf3 Rxf3
36.Nxe5 Nxe5 37.Rxe5 Bf6 38.Rh5+ Kg8 39.Kg2 Rc3 40.Rxc5 Kf7 41.Rxc3 Bxc3
42.Kf3 Ke6 43.Ke3 g6 44.Kd3 Be1 45.g4 Kf6 46.Bd8+ Ke5 47.Bc7+ Kf6 48.c3 Kg5
49.e5 Kh6 50.e6 Kg7 51.Be5+ Kf8 52.Bf6 Bg3 53.Kc4 Bc7 54.b4 Ke8 55.Kc5 Kf8
56.Kd5 Ke8 57.c4 Bg3 58.Be5 Bf2 59.b5 Be1 60.Bc7 axb5 61.cxb5 Bf2 62.Bd6  1-0

[Event "3rd Dato Arthur Tan"]
[Site "Kuala Lumpur MAS"]
[Date "2006.08.26"]
[Round "10"]
[White "Yu Shaoteng"]
[Black "Shvedchikov,A"]
[Result "1/2-1/2"]
[WhiteElo "2542"]
[BlackElo "2427"]

1.e4 c5 2.Nf3 Nc6 3.Bb5 g6 4.O-O Bg7 5.d3 Nf6 6.Nc3 O-O 7.e5 Ng4 8.Bxc6 bxc6
9.Re1 f6 10.exf6 Nxf6 11.Qe2 Re8 12.Ng5 Rb8 13.Rb1 d6 14.Ne6 Bxe6 15.Qxe6+ Kf8
16.Ne4 Qd7 17.Ng5 Qxe6 18.Nxe6+ Kf7 19.Bd2 Nd5 20.Nxg7 Kxg7 21.a3 Nb6 22.Re4 Rb7
23.Rbe1 Kf7 24.h4 e6 25.b3 Nd5 26.g3 Nc7 27.d4 cxd4 28.Rxd4 Ke7 29.a4 Kd7
30.Bb4 Nd5 31.Ba3 c5 32.Rd2 Kc6 33.Rde2 Kd7 34.Kg2 Nb4 35.Rd2 Kc6 36.h5 gxh5
37.Rh1 Nd5 38.Rxh5 Rf7 39.Rh6 Rg8 40.Bc1 Rg6 41.Rh4 e5 42.Rd1 Rgf6 43.Rf1 Nb4
44.c3 Nd5 45.Bd2 a5 46.c4 Nb4 47.Bxb4 cxb4 48.f3 Kc5 49.Re4 h5 50.Re3 Kd4
51.Kf2 Kc5 52.Rd1 Kc6 53.Rd5 h4 54.gxh4 e4 55.h5 Rxf3+ 56.Rxf3 Rxf3+ 57.Kg2 Rxb3
58.Rxa5 Rb2+ 59.Kg3 Rb3+ 60.Kf4 Rc3 61.h6 Rh3 62.Kxe4 Rxh6 63.Rb5 Rh4+ 64.Kd3 Rh3+
65.Kd2 Ra3 66.a5 Kc7 67.Kc2 Kc6 68.Kb2 Kc7 69.Rxb4 Rxa5  1/2-1/2

[Event "6th Open"]
[Site "Velika Gorica CRO"]
[Date "2006.08.26"]
[Round "9"]
[White "Knezevic,Z SLO"]
[Black "Lasic,L"]
[Result "1-0"]
[WhiteElo "2091"]
[BlackElo "2248"]

1.e4 c5 2.Nf3 Nc6 3.Bb5 e6 4.Bxc6 bxc6 5.c4 d6 6.O-O Be7 7.Re1 e5 8.d3 f5
9.Qa4 Qb6 10.Nc3 Nf6 11.Rb1 Rb8 12.b4 cxb4 13.Be3 Qb7 14.a3 b3 15.Rb2 f4
16.Bd2 Nd7 17.d4 exd4 18.Nxd4 Nc5 19.Qxc6+ Bd7 20.Qxb7 Rxb7 21.Reb1 O-O 22.Nd5 Ba4
23.Bb4 Rfb8 24.f3 Bd8 25.Bxc5 dxc5 26.Ne6 Bb6 27.Nexf4 Bc7 28.Nd3 Bd6 29.e5 Bf8
30.Nc1 Re8 31.f4 Rd8 32.Ne2 Rxd5 33.cxd5 c4 34.d6 g5 35.g3 gxf4 36.gxf4 Bd7
37.Rc1 Be6 38.Nd4 Bd5 39.Kf2 Bh6 40.Ne2 Be6 41.Ke3 Rb5 42.Ke4 Kf7 43.Nc3 Rb8
44.Rg1 Bc8 45.f5 Bb7+ 46.Kd4 Bg7 47.Rxg7+ Kxg7 48.Kxc4 Ba6+ 49.Kd5 Bd3 50.Ne4 Rb5+
51.Kd4 Bc2 52.d7 Rb8 53.f6+ Kf7 54.Nc5 Bf5 55.Rxb3 Rd8 56.Rb7 a5 57.Kd5  1-0

[Event "Open"]
[Site "Brasschaat BEL"]
[Date "2006.08.27"]
[Round "9"]
[White "Van den Brande,W"]
[Black "Peleman,T"]
[Result "0-1"]
[WhiteElo "2226"]
[BlackElo "2074"]

1.e4 c5 2.Nf3 Nc6 3.Bb5 Qb6 4.Nc3 e6 5.Bxc6 Qxc6 6.d4 Nf6 7.d5 Qa6 8.a4 Be7
9.d6 Bd8 10.e5 Ng8 11.Be3 Qc6 12.O-O b6 13.Ne1 Bb7 14.Qg4 Kf8 15.Qh5 h6 16.f3 g6
17.Qh3 Kg7 18.g4 f6 19.Nd3 h5 20.g5 fxg5 21.Qg3 Nh6 22.Bxg5 Nf5 23.Bf6+ Kh7
24.Qg5 Rg8 25.Ne4 Qd5 26.Ndf2 Qd4 27.c3 Qe3 28.Rae1 Qxg5+ 29.Nxg5+ Kh6 30.Nf7+ Kh7
31.Ng5+ Kh6 32.Nf7+ Kh7 33.Nxd8 Raxd8 34.Bxd8 Rxd8 35.Ne4 Kg7 36.a5 Nh4 37.axb6 axb6
38.Re3 Rf8 39.Nf6 Rf7 40.Kf2 Nf5 41.Rd3 Ba6 42.Rfd1 Bxd3 43.Rxd3 Kh6 44.Rd1 g5
45.Rd3 Kg6 46.h3 Rxf6 47.exf6 Kxf6 48.b4 c4 49.Rd2 b5 50.Rd1 Ke5 51.Rd2 Ng7
52.Kg3 Nf5+ 53.Kf2 h4 54.Rd1 Ng7 55.Rd4 Nh5 56.Rd1 Nf4 57.Ra1 Nd5 58.Ra3 Kxd6
59.Kg2 Ke5 60.Ra7 d6 61.Rg7 Nxc3 62.Rxg5+ Kf6 63.Rh5 Nd5 64.Rh6+ Kg5 65.Rh7 c3
66.f4+ Kxf4 67.Rf7+ Ke4  0-1

[Event "3rd Dato Arthur Tan"]
[Site "Kuala Lumpur MAS"]
[Date "2006.08.27"]
[Round "11"]
[White "Pham Thi Ngoc Tu"]
[Black "Ismail,Ah"]
[Result "0-1"]
[WhiteElo "2068"]
[BlackElo "2137"]

1.e4 c5 2.Nf3 Nc6 3.Bb5 e6 4.c3 Nge7 5.O-O a6 6.Ba4 b5 7.Bc2 Bb7 8.d4 cxd4
9.cxd4 d5 10.e5 Nb4 11.Bg5 Qc7 12.Bd3 h6 13.Bh4 Rc8 14.Nc3 Nxd3 15.Qxd3 Nf5
16.Bg3 Be7 17.Rac1 O-O 18.Ne2 Qa5 19.Qb3 Rc4 20.a3 Rfc8 21.Bf4 Qb6 22.Qd3 a5
23.g4 Nh4 24.Nd2 Rxc1 25.Rxc1 Rxc1+ 26.Nxc1 b4 27.a4 Qc6 28.Ncb3 Ba6 29.Qb1 Qxa4
30.Qc2 Qb5 31.Bg3 Nf3+ 32.Kh1 Qe2 33.Qc1 a4  0-1

[Event "38th Atlantic Open"]
[Site "Washington DC USA"]
[Date "2006.08.27"]
[Round "5"]
[White "Perelshteyn,E"]
[Black "Rohonyan,K"]
[Result "1-0"]
[WhiteElo "2544"]
[BlackElo "2333"]

1.e4 c5 2.Nf3 Nc6 3.Bb5 g6 4.Bxc6 dxc6 5.d3 Bg7 6.h3 Nf6 7.Nc3 O-O 8.Bf4 Re8
9.Qd2 e5 10.Bh6 Qd6 11.Bxg7 Kxg7 12.O-O Be6 13.Qg5 Nd7 14.Qg3 Rad8 15.Rad1 f6
16.b3 Nf8 17.Ne2 Bg8 18.Nh2 Ne6 19.f4 exf4 20.Nxf4 Nxf4 21.Qxf4 Qxf4 22.Rxf4 Be6
23.Rdf1 f5 24.exf5 Bxf5 25.Nf3 Be6 26.Ra4 a6 27.Ra5 Rd5 28.Re1 Kf8 29.Re3 Bc8
30.Rxe8+ Kxe8 31.Ra4 Rd7 32.Ng5 Re7 33.Rh4 h5 34.Ne4 b6 35.Rf4 Re6 36.Kf2 Ke7
37.Ng5 Rf6 38.Ke3 Be6 39.Rxf6 Kxf6 40.Kf4 Bd5 41.g3 a5 42.h4 a4 43.Ne4+ Kf7
44.Nc3 axb3 45.axb3 Be6 46.Na4 Bg4 47.Ke3  1-0

[Event "TCh-Serbia w"]
[Site "Zlatibor SCG"]
[Date "2006.08.27"]
[Round "2"]
[White "Peptan,C"]
[Black "Korbut,E"]
[Result "1-0"]
[WhiteElo "2425"]
[BlackElo "2430"]

1.e4 c5 2.Nf3 Nc6 3.Bb5 g6 4.O-O Bg7 5.Re1 e5 6.Bxc6 dxc6 7.b3 f6 8.Bb2 Nh6
9.Qe2 Be6 10.c3 Nf7 11.d4 cxd4 12.cxd4 Bg4 13.dxe5 Nxe5 14.Bxe5 fxe5 15.h3 Be6
16.Nbd2 O-O 17.Nc4 b5 18.Rad1 Qc7 19.Ng5 Bc8 20.Ne3 Qe7 21.Nf3 a5 22.Rc1 Bd7
23.Red1 Rf7 24.a4 bxa4 25.bxa4 Raf8 26.h4 Rf4 27.Qc4+ Kh8 28.Qc5 Qe8 29.Qd6 Bc8
30.Qxc6 Qxc6 31.Rxc6 Rxe4 32.Rdc1 Bd7 33.R6c4 Ref4 34.Nd5 Rxc4 35.Rxc4 Rc8
36.Rxc8+ Bxc8 37.Nd2 Be6 38.Ne3 Bf8 39.Ndc4 Bb4 40.Kf1 Bd7 41.Nb6 Bc6 42.Ke2 Kg7
43.g3 Kf6 44.Ned5+ Ke6 45.Nxb4 axb4 46.Kd3 Kd6 47.Kc4 b3 48.Kxb3 Kc5 49.a5 Kb5
50.Kc3 Kxa5 51.Nc4+ Kb5 52.Nxe5 Be4 53.Kd4 Bb1 54.Ng4 h5 55.Ne5 Kb4 56.Nc4 Ba2
57.Nd2 Bf7 58.Ne4 Be6 59.f3 Bf5 60.Nf6 Kb5 61.Ke5 Bc2 62.Nd5 Kc5 63.Ne7 Bd1
64.Kf4 Kd6 65.Nxg6 Ke6 66.Kg5 Bxf3 67.Nf4+ Kf7 68.Nxh5 Bd5 69.g4 Kf8 70.Ng3 Kg7
71.Nf5+ Kh7 72.Ne3  1-0

[Event "TCh-Serbia w"]
[Site "Zlatibor SCG"]
[Date "2006.08.28"]
[Round "3"]
[White "Maric,M"]
[Black "Djukic,Sa"]
[Result "1-0"]
[WhiteElo "2277"]
[BlackElo "2137"]

1.e4 c5 2.Nf3 Nc6 3.Bb5 Qc7 4.O-O a6 5.Bxc6 Qxc6 6.Nc3 d6 7.d4 Bg4 8.d5 Qc7
9.a4 Nf6 10.h3 Bxf3 11.Qxf3 g6 12.Bf4 Bg7 13.Qe3 Nd7 14.Bh6 Bd4 15.Qe2 b6
16.Nd1 c4 17.c3 Bf6 18.Ne3 Rc8 19.Ng4 Rg8 20.Nxf6+ Nxf6 21.f4 Nd7 22.Bg5 f6
23.Bh4 Kf7 24.Bf2 Rge8 25.Bd4 Nc5 26.Qxc4 Nxe4 27.Qxa6 Rb8 28.Qd3 Nc5 29.Qc2 f5
30.Rae1 Ne4 31.Rxe4 fxe4 32.f5 g5 33.Qxe4 Qd7 34.f6  1-0

[Event "TCh-Serbia"]
[Site "Zlatibor SCG"]
[Date "2006.08.28"]
[Round "3"]
[White "Popovic,Du"]
[Black "Moiseenko,A1"]
[Result "1/2-1/2"]
[WhiteElo "2523"]
[BlackElo "2649"]

1.e4 c5 2.Nf3 Nc6 3.Bb5 d6 4.O-O Bd7 5.Re1 Nf6 6.c3 a6 7.Ba4 b5 8.Bc2 Bg4
9.d3 e6 10.Nbd2 Be7 11.h3 Bh5 12.Nf1 Nd7 13.Ng3 Bg6 14.d4 cxd4 15.Nxd4 Nxd4
16.cxd4 O-O 17.a4 Re8 18.Bd3  1/2-1/2

[Event "TCh-Serbia w"]
[Site "Zlatibor SCG"]
[Date "2006.08.28"]
[Round "3"]
[White "Djingarova,E"]
[Black "Marcetic,Ma"]
[Result "1/2-1/2"]
[WhiteElo "2300"]
[BlackElo "2204"]

1.e4 c5 2.Nf3 Nc6 3.Bb5 g6 4.Bxc6 dxc6 5.d3 Bg7 6.h3 Nf6 7.Nc3 Nd7 8.Be3 e5
9.Qd2 Qe7 10.Bh6 Bxh6 11.Qxh6 f6 12.Nd2 Nf8 13.Ne2 Be6 14.f4 c4 15.dxc4 O-O-O
16.fxe5 fxe5 17.Qe3 Qb4 18.O-O-O Nd7 19.Qxa7 Nb6 20.Nb3 Bxc4 21.a3 Qb5 22.Nc3 Qa6
23.Qxa6 Bxa6 24.Nc5 Nc4 25.Rhe1 Rxd1+ 26.Nxd1 Rf8 27.Nxa6 bxa6 28.b3 Nd6
29.Kd2 Kc7 30.a4 a5 31.Ke3 c5 32.Nc3 c4 33.bxc4 Nxc4+ 34.Kd3 Nb6 35.Nd5+ Nxd5
36.exd5 Kd6 37.c4 Rb8 38.Rf1 Rb3+ 39.Kc2 Rb4 40.Rf6+ Kd7 41.Kc3 Rxa4 42.c5 Rd4
43.c6+ Kc7 44.Rf7+ Kc8 45.Rf8+ Kc7 46.Rf7+ Kc8 47.Rd7 h5 48.d6 a4 49.Rc7+ Kd8
50.Rd7+ Kc8 51.Rc7+  1/2-1/2

[Event "TCh-Serbia"]
[Site "Zlatibor SCG"]
[Date "2006.08.29"]
[Round "4"]
[White "Sedlak,N"]
[Black "Vuckovic,Bo"]
[Result "1-0"]
[WhiteElo "2519"]
[BlackElo "2527"]

1.e4 c5 2.Nf3 Nc6 3.Bb5 d6 4.O-O Bd7 5.Re1 Nf6 6.c3 a6 7.Ba4 c4 8.d4 cxd3
9.Bg5 e6 10.Qxd3 Be7 11.Bxf6 gxf6 12.Nbd2 O-O 13.Bc2 Ne5 14.Qe3 Kh8 15.Nf1 Rg8
16.Ng3 Qa5 17.Nd4 Rac8 18.Bb3 Qc5 19.h3 Rg6 20.Rad1 Rcg8 21.Kh1 Bf8 22.Nc2 Qa5
23.Qd2 h5 24.Ne3 h4 25.Ne2 Bc6 26.Bc2 f5 27.Nf4 Rg5 28.Qd4 fxe4 29.Bxe4 d5
30.Bf5 Bg7 31.Nxe6 Nf3 32.Qf4 Be5 33.Qxf3 fxe6 34.Bxe6 d4 35.Nd5 Re8 36.Rxe5  1-0

[Event "TCh-Serbia"]
[Site "Zlatibor SCG"]
[Date "2006.08.30"]
[Round "5"]
[White "Lajthajm,B"]
[Black "Zlatic,M"]
[Result "1/2-1/2"]
[WhiteElo "2507"]
[BlackElo "2439"]

1.e4 c5 2.Nf3 Nc6 3.Bb5 d6 4.O-O Bd7 5.Re1 g6 6.c3 Bg7 7.d4 cxd4 8.cxd4 Nf6
9.Nc3 a6 10.Bxc6 Bxc6 11.Bg5 h6 12.Bxf6 Bxf6 13.e5 dxe5 14.dxe5 Qxd1 15.Raxd1 Bxf3
16.gxf3 Bg5 17.f4 Bh4 18.Rd4 e6 19.Red1 Rd8 20.f5 Rxd4 21.Rxd4 Be7 22.f6 Bd8
23.Ne4 Bc7 24.Nd6+ Bxd6 25.Rxd6 O-O 26.Rd7 Rb8 27.h4 g5 28.h5 a5 29.Kg2 b5
30.Kf3 Rc8 31.b3 a4 32.bxa4 bxa4 33.Ra7 Rc4 34.Ke3 g4 35.Ra8+ Kh7 36.Rf8 Rc3+
37.Kd4 Rc7 38.a3 g3 39.fxg3 Rc4+ 40.Ke3 Re4+ 41.Kf3 Rf4+ 42.Ke2 Re4+ 43.Kf1 Rf4+
44.Kg1 Rf1+ 45.Kh2 Rf2+ 46.Kh3 Rh2+ 47.Kg4 Rh4+ 48.gxh4  1/2-1/2

[Event "TCh-Serbia w"]
[Site "Zlatibor SCG"]
[Date "2006.08.30"]
[Round "5"]
[White "Muzychuk,A"]
[Black "Chelushkina,I"]
[Result "1-0"]
[WhiteElo "2456"]
[BlackElo "2353"]

1.e4 c5 2.Nf3 Nc6 3.Bb5 g6 4.O-O Bg7 5.c3 e5 6.d4 cxd4 7.cxd4 exd4 8.Bf4 d6
9.Nxd4 Ne7 10.Nc3 O-O 11.Nc2 Ne5 12.Ne3 a6 13.Ba4 Be6 14.Bg5 h6 15.Bh4 g5
16.Bg3 Rc8 17.Bb3 b5 18.f4 gxf4 19.Bxf4 N7g6 20.Ncd5 Bxd5 21.Nxd5 Nc4 22.Qh5 Nxf4
23.Rxf4 Qg5 24.Qe2 Qe5 25.Raf1 Kh8 26.h3 Qxb2 27.Qh5 Nd2 28.Rf6 Qd4+ 29.Kh1 Qxe4
30.Rxh6+ Bxh6 31.Qxh6+ Qh7 32.Qf6+ Qg7 33.Qh4+ Qh7 34.Qd4+ f6 35.Qxd2 Qg7
36.Rf4 Qg5 37.Qf2 f5 38.Qd4+  1-0

[Event "Universities"]
[Site "Istanbul TUR"]
[Date "2006.08.31"]
[Round "2"]
[White "Korkmaz,N"]
[Black "Arzumanian,G"]
[Result "0-1"]
[WhiteElo "2137"]
[BlackElo "2446"]

1.e4 c5 2.Nf3 Nc6 3.Bb5 e6 4.O-O Nge7 5.c3 a6 6.Ba4 b5 7.Bc2 Bb7 8.d4 cxd4
9.Nxd4 Ng6 10.Qe2 Qc7 11.Be3 Bd6 12.Nxc6 Bxc6 13.f4 Bxf4 14.Bxf4 Nxf4 15.Qf3 e5
16.g3 Nh3+ 17.Kg2 Ng5 18.Qh5 h6 19.h4 g6 20.Qe2 Ne6 21.Nd2 f5 22.Bb3 Nc5
23.Kh2 f4 24.Qg4 O-O-O 25.gxf4 exf4 26.Qxf4 Nxe4 27.Nxe4 Bxe4 28.Rae1 d5
29.Qxc7+ Kxc7 30.Rf6 Rd6 31.Ref1 Rhd8 32.a4 Rxf6 33.Rxf6 Rd6 34.Rf7+ Kb6
35.Re7 h5 36.Re5 Kc5 37.Bd1 bxa4 38.Bxa4 Kc4 39.Bd1 Kd3 40.Bb3 Rb6 41.Bxd5 Rxb2+
42.Kg3 Bxd5 43.Rxd5+ Kxc3 44.Ra5 Rb6 45.Kf4 Kb4 46.Ra1 a5 47.Rb1+ Kc5 48.Ra1 Rb4+
49.Ke5 a4 50.Rc1+ Rc4 51.Rg1 Rg4 52.Rc1+ Rc4 53.Rg1 a3 54.Rxg6 Ra4 55.Rg1 a2
56.Rc1+ Kb4 57.Ra1 Kb3 58.Kf5  0-1

[Event "Rudenko Mem"]
[Site "St Petersburg RUS"]
[Date "2006.08.31"]
[Round "6"]
[White "Miednikova,S"]
[Black "Ertel,T"]
[Result "1-0"]
[WhiteElo "2176"]
[BlackElo "1970"]

1.e4 c5 2.Nf3 Nc6 3.Bb5 g6 4.c3 Bg7 5.O-O e6 6.d4 cxd4 7.cxd4 Nge7 8.d5 Qb6
9.Na3 a6 10.Nc4 Qd8 11.Nd6+ Kf8 12.dxc6  1-0

[Event "3rd Open"]
[Site "Kalamaria GRE"]
[Date "2006.09.01"]
[Round "3"]
[White "Hansen,SuB"]
[Black "Zakarian,D"]
[Result "1/2-1/2"]
[WhiteElo "2558"]
[BlackElo "2327"]

1.e4 c5 2.Nf3 Nc6 3.Bb5 g6 4.Bxc6 dxc6 5.d3 Bg7 6.h3 e5 7.a3 Qe7 8.O-O Nh6
9.Be3 f5 10.exf5 Nxf5 11.Bg5 Qc7 12.Re1 O-O 13.Nc3 h6 14.Be3 Nd4 15.Nd2 Bf5
16.Nce4 b6 17.b4 cxb4 18.axb4 Qd7 19.Nc4 Rad8 20.Bxd4 exd4 21.Ng3 Rde8 22.Rxe8 Rxe8
23.Nxf5 gxf5 24.Qh5 Re7 25.Nd2 Qd5 26.Nf3 a5 27.bxa5 bxa5 28.Rb1 Rf7 29.Qg6 a4
30.Rb8+ Rf8 31.Rb7 Rf7  1/2-1/2

[Event "3rd Open"]
[Site "Kalamaria GRE"]
[Date "2006.09.02"]
[Round "5"]
[White "Hansen,SuB"]
[Black "Papadopoulos,I"]
[Result "1-0"]
[WhiteElo "2558"]
[BlackElo "2285"]

1.e4 c5 2.Nf3 Nc6 3.Bb5 g6 4.Bxc6 dxc6 5.d3 Bg7 6.h3 Nf6 7.Nc3 Nd7 8.Be3 e5
9.Qd2 Qe7 10.Bh6 f6 11.Bxg7 Qxg7 12.a3 Qe7 13.Nh2 Nf8 14.f4 exf4 15.Qxf4 Ne6
16.Qf2 Nd4 17.Nf3 Nxf3+ 18.Qxf3 Be6 19.O-O O-O 20.Qg3 Rad8 21.b3 Rf7 22.Rf3 Kg7
23.Kh1 b6 24.Re1 c4 25.bxc4 Qxa3 26.d4 Qd6 27.e5 fxe5 28.Rxf7+ Bxf7 29.dxe5 Qc7
30.Qh4 Rf8 31.Ne4 Qxe5 32.Ng5 Qc3 33.Qxh7+  1-0

[Event "TCh-Serbia"]
[Site "Zlatibor SCG"]
[Date "2006.09.02"]
[Round "8"]
[White "Perunovic,Mil"]
[Black "Vuckovic,Bo"]
[Result "0-1"]
[WhiteElo "2526"]
[BlackElo "2527"]

1.e4 c5 2.Nf3 Nc6 3.Bb5 d6 4.O-O Bd7 5.Re1 Nf6 6.c3 a6 7.Bf1 Bg4 8.d3 e6
9.Nbd2 Be7 10.h3 Bh5 11.g4 Bg6 12.Nh4 Nd7 13.Nxg6 hxg6 14.f4 Bh4 15.Re2 g5
16.f5 Nde5 17.Re3 O-O 18.Nf3 Nxf3+ 19.Qxf3 b5 20.Bg2 Rb8 21.Qd1 b4 22.Re2 Bg3
23.Be3 bxc3 24.bxc3 Bf4 25.Bf2 Qa5 26.Rc2 e5 27.Bf3 Qa3 28.Rb1 Rxb1 29.Qxb1 Rb8
30.Qa1 c4 31.dxc4 Nd4 32.Bxd4 exd4 33.Be2 d3 34.Bxd3 Qc5+ 35.Kh1 Qe3 36.Qf1 Rb1
37.Qxb1 Qxh3+ 38.Kg1 Be3+ 39.Rf2 Qg3+ 40.Kh1 Qxf2 41.Qd1 Qg3 42.Qf1 Bf4  0-1

[Event "TCh-Serbia w"]
[Site "Zlatibor SCG"]
[Date "2006.09.02"]
[Round "8"]
[White "Peptan,C"]
[Black "Marcetic,Ma"]
[Result "1-0"]
[WhiteElo "2425"]
[BlackElo "2204"]

1.e4 c5 2.Nf3 Nc6 3.Bb5 e6 4.Bxc6 bxc6 5.d3 Ne7 6.Qe2 Ng6 7.h4 e5 8.h5 Nf4
9.Bxf4 exf4 10.e5 Be7 11.Nbd2 O-O 12.Qe4 Rb8 13.O-O-O Qa5 14.a3 Ba6 15.Nb3 Qc7
16.h6 g6 17.Qxf4 f6 18.Rhe1 Rbe8 19.Qg4 f5 20.Qa4 Qb6 21.Qa5 Qxa5 22.Nxa5 Bd8
23.Nc4 Bxc4 24.dxc4 Rf7 25.Rd3 g5 26.Nd2 Bc7 27.Rg3 g4 28.Rge3 Re6 29.Nb3 Bb6
30.a4 Rxh6 31.e6 Re7 32.exd7 Rxd7 33.a5 Bd8 34.Nxc5 Rdd6 35.Re8+ Kf7 36.Nd3 Rh2
37.g3 Bxa5 38.R8e7+ Kf6 39.b4 Bd8 40.Rb7 Rd4 41.Nf4 Re4 42.Rd1 Be7 43.b5 Rxc4
44.Re1 Bf8 45.Re6+ Kg5 46.Rxh7  1-0

[Event "TCh-Serbia"]
[Site "Zlatibor SCG"]
[Date "2006.09.02"]
[Round "8"]
[White "Iordachescu,V"]
[Black "Moiseenko,A1"]
[Result "1-0"]
[WhiteElo "2603"]
[BlackElo "2649"]

1.e4 c5 2.Nf3 Nc6 3.Bb5 e6 4.O-O Nge7 5.Re1 Nd4 6.Nxd4 cxd4 7.d3 a6 8.Ba4 b5
9.Bb3 Nc6 10.Nd2 g6 11.a4 Bb7 12.e5 Be7 13.f4 d6 14.exd6 Qxd6 15.Ne4 Qc7
16.Bd2 O-O 17.Ng5 Bf6 18.Qg4 Ne7 19.axb5 axb5 20.Rxa8 Bxa8 21.Bb4 Kh8 22.Qh4 h5
23.Qf2 Qb7 24.Re2 Bg7 25.Bc5 Qd7 26.h3 Bb7 27.Bb4 Bf6 28.Qe1 Qc7 29.Bxe6 Bxg5
30.fxg5 fxe6 31.Rxe6 Bxg2 32.Rxe7 Qf4 33.Kxg2 Qxg5+ 34.Qg3 Qf6 35.Qe5  1-0

[Event "ch-U20 Panamerican"]
[Site "Bogota COL"]
[Date "2006.09.03"]
[Round "1"]
[White "Alvarez,Ja"]
[Black "Cordova,Em"]
[Result "0-1"]
[WhiteElo "2034"]
[BlackElo "2434"]

1.e4 c5 2.Nf3 Nc6 3.Bb5 g6 4.Bxc6 dxc6 5.d3 Bg7 6.h3 Nf6 7.Nc3 Nd7 8.Be3 O-O
9.Qd2 Re8 10.O-O b6 11.Nh2 e5 12.f4 exf4 13.Rxf4 Ne5 14.Raf1 Be6 15.R4f2 Qe7
16.a4 a5 17.Ne2 f6 18.Nf3 Nf7 19.Nf4 Rad8 20.g4 Nd6 21.Nxe6 Qxe6 22.Qe1 h6
23.Rg2 Kh7 24.Qh4 Nf7 25.g5 fxg5 26.Bxg5 Rd7 27.Bd2 c4 28.Ne1 g5 29.Qh5 Qg6
30.Qe2 Bxb2 31.h4 Bf6 32.Be3 c5 33.h5 Qg7 34.Rgf2 Bc3 35.Qg4 Ne5 36.Qf5+ Kg8  0-1

[Event "5th Open"]
[Site "Istanbul TUR"]
[Date "2006.09.03"]
[Round "5"]
[White "Janev,E"]
[Black "Baklan,V"]
[Result "1/2-1/2"]
[WhiteElo "2460"]
[BlackElo "2621"]

1.e4 c5 2.Nf3 Nc6 3.Bb5 Nf6 4.Bxc6 dxc6 5.d3 Nd7 6.O-O e5 7.Nbd2 Bd6 8.Nc4 Bc7
9.a4 O-O 10.Bd2 Re8 11.Kh1 Nf8 12.Ng1 Ng6 13.Ne2 Nf4 14.Nxf4 exf4 15.e5 Be6
16.Bxf4 Bxc4 17.dxc4 Bxe5 18.Bxe5 Rxe5 19.Kg1 h6 20.Qxd8+ Rxd8 21.Rfe1 Rxe1+
22.Rxe1 Rd2 23.Rc1 f5 24.Kf1 Kf7 25.Ke1 Rd4 26.b3 Ke6 27.c3 Rd7 28.Rd1 Rxd1+
29.Kxd1 Ke5 30.Ke2 a5 31.Ke3 f4+ 32.Ke2 g5 33.f3 h5 34.h3 Kf5  1/2-1/2

[Event "Rudenko Mem"]
[Site "St Petersburg RUS"]
[Date "2006.09.03"]
[Round "9"]
[White "Cherenkova,K"]
[Black "Akatova,E"]
[Result "1-0"]
[WhiteElo "2224"]
[BlackElo "2159"]

1.e4 c5 2.Nf3 Nc6 3.Bb5 g6 4.c3 Bg7 5.d4 cxd4 6.cxd4 Qb6 7.Nc3 Bxd4 8.Nxd4 Qxd4
9.Qe2 Nf6 10.Bh6 Rg8 11.Rd1 Qc5 12.Be3 Qh5 13.f3 a6 14.Ba4 b5 15.Bb3 g5 16.e5 Nxe5
17.Bd4 d6 18.Nd5 Bb7 19.Nc7+ Kf8 20.Bxe5 Rc8 21.Bxf6 exf6 22.Rc1 g4 23.f4 Qh4+
24.g3 Qh3 25.Rf1 Kg7 26.Rc2 Qh5 27.Qe7 Qg6 28.f5 Qh6 29.Bxf7 Kh8 30.Bxg8 Rxg8
31.Rf4 Rg7  1-0

[Event "Okie Challengers"]
[Site "Tulsa USA"]
[Date "2006.09.04"]
[Round "7"]
[White "Butros,R"]
[Black "Orton,W"]
[Result "1/2-1/2"]
[WhiteElo "2176"]
[BlackElo "2137"]

1.e4 c5 2.Nf3 Nc6 3.Bb5 g6 4.Bxc6 dxc6 5.Nc3 Bg7 6.d3 e5 7.Be3 Qe7 8.O-O Nf6
9.h3 Nd7 10.Nd2 Nf8 11.Ne2 Ne6 12.c3 O-O 13.f4 exf4 14.Nxf4 Nxf4 15.Bxf4 Qe6
16.Nf3 Rd8 17.Qc2 h6  1/2-1/2